Slovensko dobre pripravené
Nielen dobré projekty, ale najmä pomoc komerčných bánk bude kľúčová pri europomoci. Definícia a rozdelenie štrukturálnych fondov. Európsky fond regionálneho rozvoja, Európsky sociálny fond, Európsky poľnohospodársky usmerňovací a záručný fond, Kohézny fond.
Salvato in:
| Autore principale: | |
|---|---|
| Natura: | Capitolo di libro |
| Lingua: | slovacco |
| Soggetti: | |
| Tags: |
Nessun Tag, puoi essere il primo ad aggiungerne!!
|
MARC
| LEADER | 00000naa$a2200000$$$4500 | ||
|---|---|---|---|
| 001 | 0001562 | ||
| 005 | 20230920090932.9 | ||
| 041 | 0 | |a slo | |
| 044 | |a SK | ||
| 245 | 1 | 0 | |a Slovensko dobre pripravené |c aut. Jozef Hübel |
| 520 | |a Nielen dobré projekty, ale najmä pomoc komerčných bánk bude kľúčová pri europomoci. Definícia a rozdelenie štrukturálnych fondov. Európsky fond regionálneho rozvoja, Európsky sociálny fond, Európsky poľnohospodársky usmerňovací a záručný fond, Kohézny fond. | ||
| 610 | 2 | 0 | |a Európska únia |
| 610 | 2 | 0 | |a Slovensko |
| 610 | 2 | 0 | |a fondy štruktúrne |
| 610 | 2 | 0 | |a fond kohézny |
| 100 | 1 | |a Hübel, Jozef | |